[Event "ROM-ch U12"]
[Site "Calimanesti Caciulata"]
[Date "2019.04.22"]
[Round "9"]
[White "Bogdan, Raul Gabriel"]
[Black "Sandor, Denis Raul"]
[Result "0-1"]
[WhiteElo "1001"]
[BlackElo "1092"]
[PlyCount "86"]
[EventDate "2019.04.15"]
[EventType "swiss"]
[EventRounds "9"]
[EventCountry "ROU"]
[SourceTitle "CBM 190 Extra"]
[Source "ChessBase"]
[SourceDate "2019.07.15"]
[SourceVersion "1"]
[SourceVersionDate "2019.07.15"]
[SourceQuality "1"]

1. e4 e5 2. Nf3 Nc6 3. Bc4 Bc5 4. c3 Nf6 5. d4 exd4 6. cxd4 Bb4+ 7. Nc3 Nxe4 8. 0-0 Nxc3 9. bxc3 Bxc3 10. Rb1 0-0 11. Ng5 d5 12. Bd3 h6 13. Qh5 Be6 14. Nf3 Qf6 15. Bg5 Bg4 16. Qxg4 hxg5 17. Nxg5 Qh6 18. Rfd1 Bb4 19. Nh7 Rfe8 20. Qd7 Bd6 21. h3 Rad8 22. Qg4 Qf4 23. g3 Qxg4 24. hxg4 Be7 25. f4 g6 26. Ng5 Bxg5 27. fxg5 Nxd4 28. Kg2 Ne6 29. Rxb7 c6 30. Rxa7 Nxg5 31. Rc1 Ra8 32. Rxa8 Rxa8 33. Bb1 Rc8 34. Rc5 Ne6 35. Rc1 c5 36. a4 d4 37. Bd3 Ra8 38. Ra1 Rc8 39. Rc1 Kg7 40. a5 Rb8 41. Rc2 Rb3 42. a6 Rxd3 43. a7 Ra3 0-1

[Event "ROM-ch U12"]
[Site "Calimanesti Caciulata"]
[Date "2019.04.16"]
[Round "2"]
[White "Dumitrescu Baranga, Andrei"]
[Black "Sandor, Denis Raul"]
[Result "0-1"]
[WhiteElo "1001"]
[BlackElo "1092"]
[PlyCount "64"]
[EventDate "2019.04.15"]
[EventType "swiss"]
[EventRounds "9"]
[EventCountry "ROU"]
[SourceTitle "CBM 190 Extra"]
[Source "ChessBase"]
[SourceDate "2019.07.15"]
[SourceVersion "1"]
[SourceVersionDate "2019.07.15"]
[SourceQuality "1"]

1. e4 e5 2. d3 Nf6 3. Nf3 Nc6 4. Be2 Bc5 5. 0-0 0-0 6. h3 h6 7. a4 d6 8. Nc3 Be6 9. Nb5 a6 10. Nc3 Qd7 11. Bd2 Rad8 12. Qc1 Nd4 13. b4 Nxf3+ 14. Bxf3 Bxb4 15. Be2 Bxc3 16. Bxc3 Rfe8 17. d4 exd4 18. Bxd4 Nxe4 19. Bb5 axb5 20. axb5 Qxb5 21. Re1 d5 22. c4 Qd7 23. cxd5 Bxd5 24. f3 Ng5 25. Re5 Rxe5 26. Bxe5 c6 27. Bc7 Qxc7 28. f4 Ne4 29. Qb1 Qxf4 30. Qxb7 Qf2+ 31. Kh1 Ng3+ 32. Kh2 Qxg2# 0-1

[Event "ROM-ch U12"]
[Site "Calimanesti Caciulata"]
[Date "2019.04.15"]
[Round "1"]
[White "Sandor, Denis Raul"]
[Black "Saioc, David"]
[Result "0-1"]
[WhiteElo "1092"]
[BlackElo "1642"]
[PlyCount "88"]
[EventDate "2019.04.15"]
[EventType "swiss"]
[EventRounds "9"]
[EventCountry "ROU"]
[SourceTitle "CBM 190 Extra"]
[Source "ChessBase"]
[SourceDate "2019.07.15"]
[SourceVersion "1"]
[SourceVersionDate "2019.07.15"]
[SourceQuality "1"]

1. e4 e6 2. d4 d5 3. Nd2 c5 4. c3 cxd4 5. cxd4 Nc6 6. Ngf3 Bb4 7. Qc2 Qb6 8. Qd3 dxe4 9. Qxe4 Nf6 10. Qd3 0-0 11. Be2 Rd8 12. 0-0 Nxd4 13. Nxd4 Qxd4 14. Qxd4 Rxd4 15. Nb3 Rd8 16. Bg5 Be7 17. Bf3 Nd5 18. Bxe7 Nxe7 19. Rad1 Nd5 20. Rd2 b6 21. Rfd1 Bb7 22. Nc1 Rd7 23. Ne2 Rad8 24. Nf4 Bc6 25. Nxd5 Bxd5 26. h3 Kf8 27. Be2 Ke7 28. Bb5 Bc6 29. Rxd7+ Rxd7 30. Rxd7+ Bxd7 31. Bxd7 Kxd7 32. Kf1 Kd6 33. Ke2 Kd5 34. Kd3 e5 35. f3 f5 36. g4 e4+ 37. fxe4+ fxe4+ 38. Ke3 g5 39. b3 a5 40. a3 b5 41. b4 Ke5 42. Ke2 Kd4 43. Ke1 Ke3 44. Kd1 Kf2 0-1

[Event "ROM-ch U12"]
[Site "Calimanesti"]
[Date "2018.04.03"]
[Round "9"]
[White "Balaban, Nicolae Adrian"]
[Black "Sandor, Denis Raul"]
[Result "0-1"]
[WhiteElo "1032"]
[BlackElo "1127"]
[PlyCount "100"]
[EventDate "2018.03.27"]
[EventType "swiss"]
[EventRounds "9"]
[EventCountry "ROU"]
[SourceTitle "CBM 183 Extra"]
[Source "ChessBase"]
[SourceDate "2018.04.19"]
[SourceVersion "1"]
[SourceVersionDate "2018.04.19"]
[SourceQuality "1"]

1. e4 e5 2. Nf3 Nc6 3. d4 exd4 4. Nxd4 Nf6 5. Nxc6 bxc6 6. e5 Nd5 7. c4 Bb4+ 8. Bd2 Bxd2+ 9. Nxd2 Nf4 10. g3 Ng6 11. f4 d6 12. exd6 cxd6 13. Bg2 Bd7 14. 0-0 0-0 15. Nb3 Be8 16. Qd2 Qb6+ 17. Kh1 Rd8 18. Rfe1 Qc7 19. Qa5 Qxa5 20. Nxa5 d5 21. Rad1 Bd7 22. cxd5 cxd5 23. Rxd5 Be6 24. Rxd8 Rxd8 25. a3 h6 26. Kg1 Rd2 27. b4 Ra2 28. Re3 Ra1+ 29. Kf2 Ra2+ 30. Kg1 Ra1+ 31. Bf1 Bh3 32. Rf3 Ne7 33. Nc4 Nd5 34. Nd2 g5 35. fxg5 hxg5 36. Kf2 Bg4 37. Rd3 Nf6 38. h3 Be6 39. Bg2 Ra2 40. Ke3 g4 41. h4 Nh5 42. Kf2 Bc4 43. Rd4 Be6 44. Bd5 Bxd5 45. Rxd5 Nf6 46. Rd3 Ne4+ 47. Ke2 f5 48. Re3 Rxd2+ 49. Ke1 Rh2 50. a4 Ra2 0-1

[Event "ROM-ch U10"]
[Site "Baile Felix"]
[Date "2017.02.06"]
[Round "6"]
[White "Gheorghe, Andrei Calin"]
[Black "Sandor, Denis Raul"]
[Result "0-1"]
[WhiteElo "1013"]
[BlackElo "1001"]
[PlyCount "110"]
[EventDate "2017.02.02"]
[EventType "swiss"]
[EventRounds "9"]
[EventCountry "ROU"]
[SourceTitle "CBM 176 Extra"]
[Source "ChessBase"]
[SourceDate "2017.03.02"]
[SourceVersion "1"]
[SourceVersionDate "2017.03.02"]
[SourceQuality "1"]

1. e4 e5 2. Nf3 Nc6 3. Bc4 Nf6 4. d3 Bc5 5. 0-0 0-0 6. c3 d6 7. Nbd2 Bg4 8. h3 Bh5 9. Re1 Qd7 10. Nf1 d5 11. exd5 Nxd5 12. Ng3 Bg6 13. Bb3 Nf4 14. Bxf4 exf4 15. Ne5 Nxe5 16. Rxe5 Qxd3 17. Qxd3 Bxd3 18. Rxc5 fxg3 19. fxg3 Rfe8 20. Rxc7 Re3 21. Bxf7+ Kh8 22. Kh2 Re2 23. Rxb7 Be4 24. Rd7 Rxg2+ 25. Kh1 Rd2+ 26. Kg1 Rxd7 27. Re1 Rxf7 28. Rxe4 h6 29. b4 Rd8 30. a4 Rd1+ 31. Kg2 Rd2+ 32. Kg1 Rdf2 33. Re8+ Kh7 34. h4 Rf1+ 35. Kg2 R7f2+ 36. Kh3 Rh1+ 37. Kg4 Kg6 38. Re6+ Kh7 39. Re7 Kg8 40. Rxa7 g6 41. Ra8+ Kf7 42. Ra7+ Ke6 43. Ra6+ Ke5 44. Ra5+ Ke4 45. b5 h5+ 46. Kg5 Rg1 47. Kxg6 Rxg3+ 48. Kxh5 Rf5+ 49. Kh6 Kf4 50. Ra6 Rh3 51. b6 Rxh4+ 52. Kg6 Rg4+ 53. Kh6 Rf6+ 54. Kh5 Rg5+ 55. Kh4 Rh6# 0-1

[Event "ROM-ch U10"]
[Site "Baile Felix"]
[Date "2017.02.03"]
[Round "2"]
[White "Sandor, Denis Raul"]
[Black "Pachitanu, Matei"]
[Result "0-1"]
[WhiteElo "1001"]
[BlackElo "1270"]
[PlyCount "65"]
[EventDate "2017.02.02"]
[EventType "swiss"]
[EventRounds "9"]
[EventCountry "ROU"]
[SourceTitle "CBM 176 Extra"]
[Source "ChessBase"]
[SourceDate "2017.03.02"]
[SourceVersion "1"]
[SourceVersionDate "2017.03.02"]
[SourceQuality "1"]

1. e4 c5 2. Nf3 d6 3. Nc3 a6 4. Bc4 e6 5. 0-0 Nf6 6. d3 Be7 7. Be3 0-0 8. h3 b5 9. Qe2 bxc4 10. dxc4 Bb7 11. Rad1 Nxe4 12. Nxe4 Bxe4 13. Rfe1 Nd7 14. c3 Rb8 15. b3 Nf6 16. Bg5 h6 17. Bh4 a5 18. Bg3 Qb6 19. Rb1 Bxb1 20. Rxb1 a4 21. Nd2 axb3 22. axb3 Ra8 23. Qd1 Rfb8 24. Kh1 Qb7 25. Bf4 Ne4 26. Nxe4 Qxe4 27. Bg3 Bf6 28. Bxd6 Rd8 29. Bxc5 Rxd1+ 30. Rxd1 Be5 31. f3 Qe2 32. Rg1 Ra2 33. b4 0-1